000 00639nam a22001695i 4500
001 166104
003 ES-MaACL
005 20230906213250.0
008 050907s1842 fr | |||||||| ||fre d
040 _aCAM
_bspa
_cCAM
100 1 _aTeisserenc, Edmond.
_9133161
245 1 0 _aDe la politique des chemins de fer et de ses applications diverses /
_cpar Edmond Teisserenc.
260 _aParis :
_bLibrairie Scientifique-Industrielle de L. Mathias,
_c1842.
300 _aVI, 584 p., [2] h. de maps. plegs. ;
_c22 cm.
650 4 _aFerrocarriles-
_zFrancia.
_9136103
852 _aES-MaACL
_jG-11873
_z-- Enc. hol., conservando la cub. original
999 _c166104
_d166104